Wszystkie miasta Polski na literę W - Statystyki

Ogólne statystyki
  • Ten quiz został rozwiązany 1 510 razy
    405 od ostatniego zresetowania
  • Średni wynik to 36 z 60
Statystyki odpowiedzi
Województwo Populacja Miasto % Poprawnych
mazowieckie 1794166 Warszawa
98%
dolnośląskie 641928 Wrocław
97%
dolnośląskie 109971 Wałbrzych
93%
kujawsko-pomorskie 108561 Włocławek
89%
pomorskie 49099 Wejherowo
88%
małopolskie 18379 Wadowice
87%
małopolskie 24215 Wieliczka
85%
łódzkie 21892 Wieluń
85%
mazowieckie 36848 Wołomin
85%
świętokrzyskie 1082 Wodzisław
84%
zachodniopomorskie 24949 Wałcz
82%
śląskie 47576 Wodzisław Śląski
82%
wielkopolskie 31000 Września
81%
mazowieckie 26980 Wyszków
80%
warmińsko-mazurskie 11144 Węgorzewo
78%
lubelskie 12915 Włodawa
77%
wielkopolskie 25607 Wągrowiec
76%
pomorskie 9830 Władysławowo
75%
mazowieckie 12452 Węgrów
74%
dolnośląskie 12298 Wołów
74%
wielkopolskie 12859 Wolsztyn
74%
kujawsko-pomorskie 13400 Wąbrzeźno
73%
mazowieckie 11926 Warka
72%
podlaskie 9336 Wysokie Mazowieckie
72%
świętokrzyskie 2724 Wąchock
71%
świętokrzyskie 9798 Włoszczowa
70%
wielkopolskie 11064 Wronki
70%
śląskie 11007 Wisła
69%
zachodniopomorskie 4739 Wolin
68%
lubuskie 13717 Wschowa
68%
małopolskie 8480 Wolbrom
66%
łódzkie 8446 Wieruszów
65%
łódzkie 3208 Warta
64%
podlaskie 11802 Wasilków
59%
śląskie 8877 Wojkowice
48%
wielkopolskie 2614 Wysoka
48%
kujawsko-pomorskie 5900 Więcbork
47%
małopolskie 3310 Wojnicz
47%
warmińsko-mazurskie 2981 Wielbark
46%
mazowieckie 1347 Wiskitki
46%
dolnośląskie 1725 Wleń
46%
mazowieckie 2569 Wyszogród
46%
dolnośląskie 2802 Węgliniec
44%
wielkopolskie 5758 Wieleń
44%
śląskie 3142 Wilamowice
44%
świętokrzyskie 506 Wiślica
42%
dolnośląskie 2647 Wąsosz
38%
zachodniopomorskie 2771 Węgorzyno
37%
mazowieckie 896 Wyśmierzyce
37%
dolnośląskie 3572 Wojcieszów
36%
łódzkie 2301 Wolbórz
34%
wielkopolskie 5131 Wyrzysk
34%
lubelskie 975 Wąwolnica
32%
wielkopolskie 7706 Witkowo
32%
lubuskie 6666 Witnica
32%
śląskie 1124 Włodowice
32%
śląskie 4298 Woźniki
31%
dolnośląskie 2198 Wiązów
29%
opolskie 5787 Wołczyn
29%
wielkopolskie 1774 Wielichowo
28%
Nie znaleziono quizów pasujących do podanych kryteriów
Rozkład punktacji
Procent ludzi z każdym wynikiem
Percentyl według liczby udzielonych odpowiedzi
Twoja historia wyników
Nie rozwiązałeś tego quizu od ostatniego zresetowania